The teacher's craft : the 10 essential skills of effective teaching /

Bibliographic Details
Main Author: Chance, Paul
Format: Book
Language:English
Published: Long Grove, Ill. : Waveland Press, [2008]
Subjects:

MARC

Tag First Indicator Second Indicator Subfields
LEADER 00000cam a2200000Ia 4500
001 in00002365249
005 20151109044333.0
008 080215s2008 ilua b 001 0 eng d
020 |a 1577665597 
020 |a 9781577665595 
035 |a (OCoLC)ocn192056350 
035 |a (OCoLC)192056350 
040 |a YDXCP  |c YDXCP  |d BAKER  |d BWX  |d SUC  |d IXA  |d UtOrBLW 
049 |a TXAM 
090 |a LB1025.3  |b .C43 2008 
100 1 |a Chance, Paul. 
245 1 4 |a The teacher's craft :  |b the 10 essential skills of effective teaching /  |c Paul Chance. 
264 1 |a Long Grove, Ill. :  |b Waveland Press,  |c [2008] 
264 4 |c ©2008 
300 |a x, 187 pages :  |b illustrations ;  |c 23 cm. 
336 |a text  |b txt  |2 rdacontent 
337 |a unmediated  |b n  |2 rdamedia 
338 |a volume  |b nc  |2 rdacarrier 
504 |a Includes bibliographical references (pages 167-180) and index. 
650 0 |a Effective teaching. 
650 0 |a Classroom management. 
938 |a YBP Library Services  |b YANK  |n 2774586 
938 |a Baker & Taylor  |b BKTY  |c 14.95  |d 14.95  |i 1577665597  |n 0007596165  |s active 
938 |a Blackwell Book Service  |b BBUS  |n R5698970  |c $14.95 
945 |a PromptCat  |b 397571 
946 |a stk 
947 |a A14836882720 
994 |a 92  |b TXA 
948 |a cataloged  |b h  |c 2008/5/1  |d c  |e asalazar  |f 3:36:34 pm 
999 |a MARS 
999 f f |s 8aa76024-8aed-30ad-b798-5964a1e27fab  |i 9676894a-47c8-34a1-824f-c261a3aa5eee  |t 0 
952 f f |p normal  |a Texas A&M University  |b College Station  |c Sterling C. Evans Library  |d Evans: Library Stacks  |t 0  |e LB1025.3 .C43 2008  |h Library of Congress classification  |i unmediated -- volume  |m A14836882720 
998 f f |a LB1025.3 .C43 2008  |t 0  |l Evans: Library Stacks